Dopad kapitalizace výdajů na výzkum a vývoj na makroekonomické agregáty

Podstata navrhovanej úpravy. Metodika odhadu dopadu kapitalizácie výdavkov na výskum a vývoj (VaV) a použité údaje. Výsledky. Makroekonomické agregáty v brutto hodnotách a kapitalizácia výdavkov na VaV. Makroekonomické agregáty v netto hodnotách a kapitalizácia výdavkov na VaV. Vplyv kapitalizácie v...

Full description

Saved in:
Bibliographic Details
Main Author: Zbranek, Jaroslav
Other Authors: Fischer, Jakub
Format: Book Chapter
Language:Czech
Subjects:
Tags: Add Tag
No Tags, Be the first to tag this record!

MARC

LEADER 00000naa$a2200000$$$4500
001 0111678
005 20231013082331.5
041 0 |a cze 
044 |a CZ 
245 1 0 |a Dopad kapitalizace výdajů na výzkum a vývoj na makroekonomické agregáty  |c Jaroslav Zbranek, Jakub Fischer 
520 |a Podstata navrhovanej úpravy. Metodika odhadu dopadu kapitalizácie výdavkov na výskum a vývoj (VaV) a použité údaje. Výsledky. Makroekonomické agregáty v brutto hodnotách a kapitalizácia výdavkov na VaV. Makroekonomické agregáty v netto hodnotách a kapitalizácia výdavkov na VaV. Vplyv kapitalizácie výdavkov na VaV na plnenie Maastrichtských kritérií. Diskusia 
610 2 0 |a výdavky 
610 2 0 |a kapitalizácia 
610 2 0 |a výskum 
610 2 0 |a vývoj 
610 2 0 |a ukazovatele makroekonomické 
610 2 0 |a metodika 
610 2 0 |a diskusia 
610 2 0 |a Česko 
100 1 |a Zbranek, Jaroslav 
700 1 |a Fischer, Jakub